000 00291nam a22001337a 4500
008 170413b xxu||||| |||| 00| 0 eng d
020 _a0471882534
041 _aeng
080 _24TH
_a612.39
100 _a10
101 _aSHM
245 _aLIVING NUTRITION
_cSTARE, F.J
942 _2udc
_cBK
999 _c10640
_d10640